| 000 | 01975nam a2200265Ia 4500 | ||
|---|---|---|---|
| 999 |
_c36609 _d36609 |
||
| 001 | 2529 | ||
| 003 | GE_BSU | ||
| 005 | 20230901115415.0 | ||
| 008 | 181216s1997||||enk|||||||||||||| ||eng|| | ||
| 040 | _cGE_BSU | ||
| 041 | _aeng | ||
| 080 | _a811.111(038)+811.353.1(038) ი–54 | ||
| 245 |
_a ინგლისურ-ქართული ლექსიკონი = English-Georgian dictionary. რვეული 5 : _b E / _cმთავარი რედაქტორები: არიანე ჭანტურია, თინათინ მარგალიტაძე ; E ასოს შედგენაზე მუშაობდნენ: ლ. გორგაძე, გ. ანთელავა, ნ. მამაცაშვილი ; თბილისის ივ. ჯავახიშვილის სახელობის სახელმწიფო უნივერსიტეტი, ლექსიკოგრაფიული ცენტრი. |
||
| 260 | _aთბილისი | ||
| 264 |
_aთბილისი, _c 1997. |
||
| 300 |
_a123 გვ.; _b28 სმ. |
||
| 653 | _aინგლისურ–ქართული ლექსიკონი | ||
| 700 |
_aჭანტურია, არიანე _e მთ. რედაქტორი. _95156 |
||
| 700 |
_aმარგალიტაძე, თინათინ _eმთ. რედაქტორი. _96114 |
||
| 700 |
_aგორგაძე, ლ. _eშემდგენელი _919740 |
||
| 700 |
_aანთელავა, გ. _eშემდგენელი _919741 |
||
| 700 |
_aმამაცაშვილი, ნ. _eშემდგენელი _91620 |
||
| 700 |
_aთბილისის ივ. ჯავახიშვილის სახელობის სახელმწიფო უნივერსიტეტი _eლექსიკოგრაფიული ცენტრი. _919742 |
||
| 942 |
_cBK _2udc |
||